000 00779nam a22002777a 4500
001 5704
003 FISKH
005 20250429082659.0
008 250115b cb ||||| |||| 00| 0 eng d
020 _a9780439905947
040 _aFISKH
_beng
_dFISKH
_cFISKH
050 _aPZ7.B7559
082 _a599.332
100 _aBrett, Jan
245 _aHedgie loves to read /
_cJan Brett
260 _aNew York :
_bScholastic,
_c2006.
300 _a8 unnumbered pages :
_bcolor illustrations ;
_c23 cm
505 _aF
520 _aA perfect day to curl up with a good book.
521 8 _a330
_bLexile AD estimate
521 8 _aF
_bRaz-Plus
650 _aAnimals
_vHedgehogs
_xPicture Book
650 _aFantasy
_vFiction
942 _2ddc
_cBK
_n0
999 _c5704
_d5704